Problemas selectos de geometría y trigonometría : (Registro nro. 54)
[ vista simple ]
| 000 -LEADER | |
|---|---|
| fixed length control field | 01961nam a2200217Ia 4500 |
| 003 - CONTROL NUMBER IDENTIFIER | |
| control field | PE SENCICO BE |
| 005 - DATE AND TIME OF LATEST TRANSACTION | |
| control field | 20251020182424.0 |
| 008 - FIXED-LENGTH DATA ELEMENTS--GENERAL INFORMATION | |
| fixed length control field | 200515s9999 xx 000 0 und d |
| 040 ## - CATALOGING SOURCE | |
| Original cataloging agency | PE SENCICO BE |
| Transcribing agency | PE SENCICO BE |
| 041 ## - LANGUAGE CODE | |
| Language code of text/sound track or separate title | spa |
| 082 ## - DEWEY DECIMAL CLASSIFICATION NUMBER | |
| Classification number | 516 |
| Item number | H89 |
| 100 1# - MAIN ENTRY--PERSONAL NAME | |
| Personal name | Huisa de la Cruz, José |
| 9 (RLIN) | 2099 |
| 245 10 - TITLE STATEMENT | |
| Title | Problemas selectos de geometría y trigonometría : |
| Remainder of title | 400 problemas propuestos y resueltos / |
| Statement of responsibility, etc. | José Huisa de la Cruz |
| 260 ## - PUBLICATION, DISTRIBUTION, ETC. | |
| Place of publication, distribution, etc. | Lima : |
| Name of publisher, distributor, etc. | San Marcos ; |
| Date of publication, distribution, etc. | sin año |
| 300 ## - PHYSICAL DESCRIPTION | |
| Extent | 343 p. : |
| Other physical details | graf. ; |
| Dimensions | 22 cm. |
| 505 0# - FORMATTED CONTENTS NOTE | |
| Formatted contents note | Geometría: Segmentos -- Intersecciones -- Angulos -- Triángulos -- Cuadriláteros -- Polígonos -- Circunferencia -- Proporcionalidad -- Semejanza de triángulos -- Relaciones métricas en triángulos rectángulos -- Triángulo rectángulo pitagórico -- Relaciones métricas en triángulos oblicuángulos -- Relaciones en cuadriláteros -- Relaciones métricas en el círculo -- Potencia -- Polígonos regulares -- Área de triángulos -- Relaciones entre las áreas de triángulos -- Área de cuadriláteros -- Área de polígonos regulares -- Área de figuras curvas -- Geometría del espacio rectas y planos -- Ángulos diedros y poliedros -- Poliedros regulares e irregulares -- Prisma -- Pirámide -- Cilindro recto -- Cono recto -- Superficie esférica -- Esfera -- Figuras giratorias y simetría -- Miscelánea de problemas de geometría -- Trigonometria: Angulo trigonométrico -- Razones trigonométricas -- Identidades trigonométricas -- Líneas trigonométricas en función de una de ellas -- Relaciones trigonométricas compuestas -- Reducción al primer cuadrante -- Transformaciones trigonométricas -- Funciones trigonométricas inversas -- Ecuaciones trigonométricas -- Resolución de triángulos rectángulos -- Resolución de triángulos oblicuángulo Geometría analítica |
| 650 10 - SUBJECT ADDED ENTRY--TOPICAL TERM | |
| Topical term or geographic name entry element | Geometría |
| 9 (RLIN) | 21 |
| 650 20 - SUBJECT ADDED ENTRY--TOPICAL TERM | |
| Topical term or geographic name entry element | Trigonometría |
| 9 (RLIN) | 2104 |
| 650 20 - SUBJECT ADDED ENTRY--TOPICAL TERM | |
| Topical term or geographic name entry element | Matemáticas |
| 9 (RLIN) | 2106 |
| 942 ## - ADDED ENTRY ELEMENTS (KOHA) | |
| Koha item type | Libros |
| Source of classification or shelving scheme | Dewey Decimal Classification |
| Fecha de la última vez que lo usaron | Número de ingreso o de inventario | Pago total | Signatura topográfica completa | Código de barras | Precio efectivo desde | Tipo de documento | Estado perdido | Sistema de clasificación | Estado dañado | No es para préstamo | Retirado | Ubicación permanente | Ubicación actual | Fecha de adquisición |
|---|---|---|---|---|---|---|---|---|---|---|---|---|---|---|
| 15/05/2020 | 12504 | 516/H89P | BibLima24040082 | 15/05/2020 | Libros | Dewey Decimal Classification | Biblioteca Central Lima | Biblioteca Central Lima | 15/05/2020 | |||||
| 15/05/2020 | 12503 | 516/H89P/ej. 2 | BibLima24040083 | 15/05/2020 | Libros | Dewey Decimal Classification | Biblioteca Central Lima | Biblioteca Central Lima | 15/05/2020 |